| 000 | 00473nam a2200133Ia 4500 | ||
|---|---|---|---|
| 008 | 211109s9999||||xx |||||||||||||| ||und|| | ||
| 082 |
_a541.28 _bGAN-V |
||
| 100 | _aGans, P | ||
| 245 | 0 | _aVibrating Molecules:An Introduction to the Interpretation of Infrared and Raman Spectra | |
| 260 |
_bChapman & Co Ltd _aLondon _c1971 |
||
| 630 | _xGeneral Stack | ||
| 650 |
_a Vibrational spectra _vInfrared spectraMolecular spectroscopyPhysical chemistry _xChemistry |
||
| 942 | _cBOOK | ||
| 999 |
_c38273 _d38273 |
||